Introduction to painting and drawing
| Main Author: | |
|---|---|
| Format: | Book |
| Published: |
London :
Apple Press Ltd. ,
1986
|
| Subjects: |
MARC
| LEADER | 00000cam a2200000 7i4500 | ||
|---|---|---|---|
| 001 | 0000000127 | ||
| 002 | 000000153 | ||
| 005 | 20000330.0 | ||
| 020 | |a 1850760721 | ||
| 090 | 0 | 0 | |a 751.4 |b HEN |
| 100 | 1 | |a Henn, John | |
| 245 | 1 | 0 | |a Introduction to painting and drawing |c John Henn |
| 260 | |a London : |b Apple Press Ltd. , |c 1986 | ||
| 300 | |a 127p. : |b ill ; |c 28cm. | ||
| 650 | 0 | 0 | |a Painting |
| 999 | |a 0004370 |b BUKU |c PINJAMAN |e PERPUSTAKAAN KOMUNITI PETALING JAYA | ||